Cơ sở kỹ thuật điện : Giáo trình dùng trong các trường đào tạo công nhân kỹ thuật ngành điện /
Salvato in:
| Autore principale: | |
|---|---|
| Natura: | Sách giấy |
| Lingua: | Vietnamese |
| Pubblicazione: |
Hà Nội :
Công nhân Kỹ thuật,
1980.
|
| Tags: |
Aggiungi Tag
Nessun Tag, puoi essere il primo ad aggiungerne! !
|
| Thư viện lưu trữ: | Thư viện Trường Đại học Đà Lạt |
|---|
| LEADER | 00688nam a2200253 4500 | ||
|---|---|---|---|
| 001 | DLU020003405 | ||
| 005 | ##19990507 | ||
| 040 | # | # | |a DLU |b vie |
| 041 | # | # | |a vie |
| 044 | # | # | |a vn |
| 082 | # | # | |a 621.3 |b HO-T |
| 100 | # | # | |a Hoàng Hữu Thận. |
| 245 | # | # | |a Cơ sở kỹ thuật điện : |b Giáo trình dùng trong các trường đào tạo công nhân kỹ thuật ngành điện / |c Hoàng Hữu Thận. |
| 260 | # | # | |a Hà Nội : |b Công nhân Kỹ thuật, |c 1980. |
| 300 | # | # | |a 327 tr. ; |c 19 cm. |
| 992 | # | # | |a 929 |
| 994 | # | # | |a DLU |
| 900 | # | # | |a False |
| 911 | # | # | |a Administrator |
| 925 | # | # | |a G |
| 926 | # | # | |a A |
| 927 | # | # | |a SH |
| 980 | # | # | |a Thư viện Trường Đại học Đà Lạt |